Las iluminaciones de Albert Einstein / (Registro nro. 7205)

Detalles MARC
000 -CABECERA
Longitud fija campo de control 01988nam a2200265 4500
003 - • IDENTIFICADOR DELl NÚMERO DE CONTROL
Identificador del número de control CO-ViMGA
020 ## - • NÚMERO INTERNACIONAL NORMALIZADO PARA LIBROS
Número Internacional Normalizado para Libros (ISBN) 9789583046193
040 ## - FUENTE DE LA CATALOGACIÓN
Centro catalogador de origen CO-ViMGA
Lengua de catalogación spa
Centro transcriptor CO-ViMGA
100 1# - • PUNTO DE ACCESO PRINCIPAL-NOMBRE DE PERSONA
Nombre de persona Morlot, Frédéric,
Fechas asociadas al nombre 1982-
245 10 - • TITULO PROPIAMENTE DICHO
Título Las iluminaciones de Albert Einstein /
Mención de responsabilidad, etc. contado por Frédéric Morlot ; ilustrado por Anne-Margot Ramstein ; traducción Nuría Rioja Jiménez
300 ## - • DESCRIPCIÓN FÍSICA
Extensión 63 páginas :
Otras características físicas ilustraciones en color ; 21 cm
500 ## - • NOTA GENERAL
Nota general Incluye datos biográficos del autor y del ilustrador
520 ## - • NOTA DE RESUMEN
Resumen, etc, "Ahora aprender filosofía es mucho más fácil y divertido. Esta nueva serie busca presentar a los mayores filósofos y científicos de la historia y sus ideas, de una forma sencilla, novelada y con tono humorístico que permite acercarse a los conceptos científicos con mayor facilidad. Apoyado además en llamativas ilustraciones, estos libros son una nueva herramienta en la enseñanza de la filosofía y la ciencia. En 1896, encargan al joven Albert Einstein iluminar la Feria de Múnich. Pero la operación resultó catastrófica y, poco a poco, tendrá que enfrentarse a las leyes del universo. ¿Se puede viajar más rápido que la luz? ¿Podemos viajar a través del tiempo? ¿Qué es el azar? Una bella historia sobre una de las mentes más brillantes de la humanidad. Aquí nos presentan sus años tempranos, y se deja ya entrever el origen de la teoría de la relatividad"
534 ## - • Nota De Versión Original
Título Les Illuminations d'Albert Einstein
600 ## - • PUNTO DE ACCESO ADICIONAL DE MATERIA - NOMBRE DE PERSONA
Nombre de persona Einstein, Albert
Subdivisión de forma (R ) Adaptaciones literarias
Subdivisión de materia general (R ) Pensamiento filosófico
Subdivisió,n cronológica (R ) 1879-1955
650 14 - • PUNTO DE ACCESO ADICIONAL DE MATERIA - TÉRMINO DE MATERIA
Término de materia o nombre geográfico como elemento inicial Filosofía alemana en la literatura
650 14 - • PUNTO DE ACCESO ADICIONAL DE MATERIA - TÉRMINO DE MATERIA
Término de materia o nombre geográfico como elemento inicial Física en la literatura
650 14 - • PUNTO DE ACCESO ADICIONAL DE MATERIA - TÉRMINO DE MATERIA
Término de materia o nombre geográfico como elemento inicial Teoría de la relatividad en la literatura
650 14 - • PUNTO DE ACCESO ADICIONAL DE MATERIA - TÉRMINO DE MATERIA
Término de materia o nombre geográfico como elemento inicial Científicos alemanes en la literatura
700 1# - • PUNTO DE ACCESO ADICIONAL - NOMBRE DE PERSONA
Nombre de persona Jiménez, Nuría Rioja
Término indicativo de función tr.
700 1# - • PUNTO DE ACCESO ADICIONAL - NOMBRE DE PERSONA
Nombre de persona Ramstein, Anne-Margot,
Término indicativo de función il.
942 ## - ENTRADA DE ELEMENTOS AGREGADOS (KOHA)
Fuente de clasificaión o esquema Dewey Decimal Classification
Koha [por defecto] tipo de item LIbro
Existencias
Perdido Fuente de clasificación o esquema Estado Físico No para préstamo Localización permanente Localización actual Fecha adquisición Coste, precio normal de compra Préstamos totales Signatura completa Código de barras Fecha última consulta Fecha del precio de reemplazo Tipo de item de Koha Forma de adquisición Localización en estanterías Número de copia Note pública
        Biblioteca Pública Departamental Eduardo Carranza - Villavicencio Biblioteca Pública Departamental Eduardo Carranza - Villavicencio 06/25/2021     C MOR36 ECA27911 11/26/2024 11/26/2024 LIbro Literatura General Literatura Ej.1 20899 | 26876
  Dewey Decimal Classification     Biblioteca Pública Germán Arciniegas - Villavicencio Biblioteca Pública Germán Arciniegas - Villavicencio 02/28/2020 28877.00   C MORi 32139 02/28/2020 02/28/2020 LIbro        
  Dewey Decimal Classification     Biblioteca Pública Germán Arciniegas - Villavicencio Biblioteca Pública Germán Arciniegas - Villavicencio 02/28/2020 28877.00   C MORi 32140 02/28/2020 02/28/2020 LIbro        









Instituto Departamental de Cultura del Meta - Red Departamental de Bibliotecas Públicas del Meta.